Cattle, deforestation and development in the amazon : : An economic, agronomic and environmental perspective

Bibliographic Details
Main Author: Faminow, Merle D
Format: Book
Published: Wallingford : CAB International , 1998
Subjects:

MARC

LEADER 00000cam a2200000 7i4500
001 0000003867
005 20110802.0
020 0 0 |a 0851992307 
090 0 0 |a 333.7409811   |b FAMI 1998 
100 0 1 |a Faminow, Merle D 
245 1 0 |a Cattle, deforestation and development in the amazon : :   |b An economic, agronomic and environmental perspective   |c Merle D Faminow 
260 0 0 |a Wallingford :   |b CAB International ,   |c 1998 
300 |a ix, 253 p. :   |b ill. ;   |c 24cm. 
500 0 0 |a Includes bibliographical references and index 
650 0 0 |a Deforestation---Amazon River Region 
650 0 0 |a Rain forest ecology---Amazon River Region 
650 0 0 |a Ranching---economic aspects---Amazon River Region 
650 0 0 |a Ranching---environmental aspects---Amazon River Region 
998 |a JPSM 
999 |a 007373   |b Monograph   |c Open Shelf   |e Default branch